| 000 | 00899cab a2200241 4500 | ||
|---|---|---|---|
| 001 | ABS56802 | ||
| 008 | 090401t1997 xxu||||| |||| 00| 0 eng d | ||
| 035 | _a(Sirsi) u77901 | ||
| 041 | _aeng | ||
| 100 | _aBrewer, G. | ||
| 245 | _aTUPE ruling causes turmoil | ||
| 260 | _c1997 | ||
| 350 | _a0 | ||
| 490 |
_aContract Journal _v9 April 1997, 16(1) |
||
| 520 | _aDiscusses "Ayse Suzen v Zehnacker Gebudereinigung" which concerned the transfer of employee rights on retendered local authority works and services. The European Court held that a transfer of undertaking may not occur where a contractor loses the continuation of a contract to a competitor. | ||
| 650 | _aAYSE SUZEN V ZEHNACKER GEBUDEREINIGUNG | ||
| 650 | _aCONTRACTORS | ||
| 650 | _aLOCAL AUTHORITY SERVICES | ||
| 650 | _aTUPE | ||
| 690 | _aBUILT ENVIRONMENT-BUILDING CONTRACT FORMS | ||
| 942 | _n0 | ||
| 948 | _c23/04/1997 | ||
| 999 |
_c48986 _d48986 |
||